<?xml version="1.0" encoding="UTF-8"?>
<record
    xmlns:xsi="http://www.w3.org/2001/XMLSchema-instance"
    xsi:schemaLocation="http://www.loc.gov/MARC21/slim http://www.loc.gov/standards/marcxml/schema/MARC21slim.xsd"
    xmlns="http://www.loc.gov/MARC21/slim">

  <leader>00605nabaa2200193 a 4500</leader>
  <controlfield tag="001">38173</controlfield>
  <controlfield tag="003">BD-RjUL</controlfield>
  <controlfield tag="005">20211209052737.0</controlfield>
  <controlfield tag="008">150921b        bg dr|p| |||| 00| 0 eng d</controlfield>
  <datafield tag="035" ind1=" " ind2=" ">
    <subfield code="a">(BD-RjUL)38278</subfield>
  </datafield>
  <datafield tag="040" ind1=" " ind2=" ">
    <subfield code="a">BD-RjUL</subfield>
    <subfield code="b">eng</subfield>
  </datafield>
  <datafield tag="082" ind1=" " ind2=" ">
    <subfield code="2">23</subfield>
    <subfield code="a">079.5492</subfield>
    <subfield code="b">GON</subfield>
  </datafield>
  <datafield tag="245" ind1=" " ind2=" ">
    <subfield code="a">&#x997;&#x9A8;&#x995;&#x9A8;&#x9CD;&#x9A0; (GONOKONTHA)/</subfield>
    <subfield code="c">&#x9B0;&#x9C1;&#x9B9;&#x9C1;&#x9B2; &#x986;&#x9AE;&#x9BF;&#x9A8; &#x9AD;&#x9C1;&#x987;&#x9AF;&#x9BC;&#x9BE; (Ruhul Amin Bhua)</subfield>
  </datafield>
  <datafield tag="260" ind1=" " ind2=" ">
    <subfield code="a">&#x9A2;&#x9BE;&#x995;&#x9BE; :</subfield>
    <subfield code="b">&#x9B0;&#x9C1;&#x9B9;&#x9C1;&#x9B2; &#x986;&#x9AE;&#x9BF;&#x9A8; &#x9AD;&#x9C1;&#x987;&#x9AF;&#x9BC;&#x9BE;,</subfield>
  </datafield>
  <datafield tag="300" ind1=" " ind2=" ">
    <subfield code="a">8p.</subfield>
  </datafield>
  <datafield tag="650" ind1=" " ind2=" ">
    <subfield code="a">Daily Newspaper</subfield>
    <subfield code="z">Bangladesh</subfield>
    <subfield code="9">117503</subfield>
  </datafield>
  <datafield tag="700" ind1=" " ind2=" ">
    <subfield code="a"> Bhua, Ruhul Amin.</subfield>
    <subfield code="9">118104</subfield>
  </datafield>
  <datafield tag="942" ind1=" " ind2=" ">
    <subfield code="2">ddc</subfield>
    <subfield code="c">NP</subfield>
  </datafield>
  <datafield tag="999" ind1=" " ind2=" ">
    <subfield code="c">38173</subfield>
    <subfield code="d">38173</subfield>
  </datafield>
  <datafield tag="952" ind1=" " ind2=" ">
    <subfield code="0">0</subfield>
    <subfield code="1">0</subfield>
    <subfield code="2">ddc</subfield>
    <subfield code="4">0</subfield>
    <subfield code="7">1</subfield>
    <subfield code="a">RUCL</subfield>
    <subfield code="b">RUCL</subfield>
    <subfield code="c">NP</subfield>
    <subfield code="d">2015-09-21</subfield>
    <subfield code="h">V.1, March 1972</subfield>
    <subfield code="l">0</subfield>
    <subfield code="o">P 079.5492 GON V.1 March 1972</subfield>
    <subfield code="r">2015-09-21 00:00:00</subfield>
    <subfield code="t">C.1</subfield>
    <subfield code="w">2015-09-21</subfield>
    <subfield code="y">NP</subfield>
  </datafield>
</record>
